000
00327nam a2200145Ia 4500
005
20251222140055.0
008
251222s1900||||xx |||||||||||||| ||spa||
020
_a
9788429320350
082
_a
234.23/G67
100
_a
Gonzáles Carvajal, Luis
245
0
_a
La Fe:
250
_a
1ra ed.
264
_b
Sal Terrae
942
_c
LIB
999
_c
3722
_d
3722